CLINICAL METHODS IN PEDIATRICS (Record no. 6714)

MARC details
000 -LEADER
fixed length control field 00345nam a2200145Ia 4500
008 - FIXED-LENGTH DATA ELEMENTS--GENERAL INFORMATION
fixed length control field 150301s2014 xx 000 0 und d
082 ## - DEWEY DECIMAL CLASSIFICATION NUMBER
Classification number 618.92
Item number C14G
100 ## - MAIN ENTRY--PERSONAL NAME
Personal name GUPTA, PIYUSH
245 ## - TITLE STATEMENT
Title CLINICAL METHODS IN PEDIATRICS
250 ## - EDITION STATEMENT
Edition statement 3RD
260 ## - PUBLICATION, DISTRIBUTION, ETC. (IMPRINT)
Name of publisher, distributor, etc. CBS PUB.
Place of publication, distribution, etc. INDIA
Date of publication, distribution, etc. 2014
300 ## - PHYSICAL DESCRIPTION
Extent 605
650 ## - SUBJECT ADDED ENTRY--TOPICAL TERM
Topical term or geographic name as entry element PEDIATRICS
942 ## - ADDED ENTRY ELEMENTS (KOHA)
Source of classification or shelving scheme Dewey Decimal Classification
Koha item type Books
Koha issues (borrowed), all copies 29
Holdings
Withdrawn status Lost status Source of classification or shelving scheme Damaged status Not for loan Collection code Home library Current library Shelving location Date acquired Source of acquisition Cost, normal purchase price SGTU Bill Number Total Checkouts Full call number Barcode Date last seen Date last checked out Bill Date Koha item type
    Dewey Decimal Classification     MEDICAL SGT Medical Library SGT Medical Library Text Book 02/07/2015 ABC DELHI 650.00 SGTU 4996 11 618.92 C14G FM7093 09/12/2019 23/11/2019 06/11/2014 Books
    Dewey Decimal Classification     MEDICAL SGT Medical Library SGT Medical Library Text Book 02/07/2015 ABC DELHI 650.00 SGTU 4996 17 618.92 C14G FM7094 04/02/2020 23/01/2020 06/11/2014 Books
    Dewey Decimal Classification     MEDICAL SGT Medical Library SGT Medical Library Text Book 02/07/2015 ABC DELHI 650.00 SGTU 4996 25 618.92 C14G FM7095 24/12/2024 23/12/2024 06/11/2014 Books
    Dewey Decimal Classification     MEDICAL SGT Medical Library SGT Medical Library Text Book 02/07/2015 ABC DELHI 650.00 SGTU 4996 12 618.92 C14G FM7096 29/01/2020 18/12/2019 06/11/2014 Books
    Dewey Decimal Classification     MEDICAL SGT Medical Library SGT Medical Library Text Book 02/07/2015 ABC DELHI 650.00 SGTU 4996 14 618.92 C14G FM7097 19/04/2024 18/04/2024 06/11/2014 Books
    Dewey Decimal Classification     MEDICAL SGT Medical Library SGT Medical Library Text Book 02/07/2015 ABC DELHI 650.00 SGTU 4996 26 618.92 C14G FM7098 05/05/2025 18/04/2025 06/11/2014 Books
    Dewey Decimal Classification     MEDICAL SGT Medical Library SGT Medical Library Text Book 02/07/2015 ABC DELHI 650.00 SGTU 4996 23 618.92 C14G FM7099 20/02/2020 04/02/2020 06/11/2014 Books
    Dewey Decimal Classification     MEDICAL SGT Medical Library SGT Medical Library Text Book 02/07/2015 ABC DELHI 650.00 SGTU 4996 1 618.92 C14G FM7100 31/07/2018 31/07/2018 06/11/2014 Books